Language Quiz

Random Language or Typing Quiz

ABC 3-Letter Word Blitz Quiz Stats

Quiz Updated Jul 1, 2015

Challenge
Share
Tweet
Embed
Score 0/26 Timer 00:30
8 Plays Today
Letter Word % Correct
Aaah...
96%
Bbaa...
95.6%
Ccab...
94.5%
Ddab...
91.5%
Ffab...
89.8%
Eear...
88.7%
Hhad...
86.5%
Ggab...
85.5%
Jjab...
72.5%
Iice...
70.3%
Llab...
65.7%
Mmac...
63.6%
Nnab...
57.1%
Letter Word % Correct
Kkab...
53.8%
Ppac...
50.7%
Ooaf...
49.1%
Rrad...
37.1%
Ssab...
35.2%
Ttab...
33.1%
Vvac...
21.2%
Wwab...
20.7%
Qqat...
20.6%
Uudo...
15.3%
Yyag...
15.1%
Zzag...
13.8%
Xxis
4.4%

You're not logged in!

Compare scores with friends on all Sporcle quizzes.
Sign Up with Email
OR
Log In

You Might Also Like...

Show Comments

Extras

Top Quizzes Today


Score Distribution

Your Account Isn't Verified!

In order to create a playlist on Sporcle, you need to verify the email address you used during registration. Go to your Sporcle Settings to finish the process.